Estudios sobre la historia del derecho civil en México durante el siglo XIX.

Guardat en:
Dades bibliogràfiques
Autor principal: González, María del Refugio (autor)
Format: Llibre
Idioma:espanyol
Publicat: México, D.F, México: Universidad Nacional Autónoma de México, 1981.
Edició:Primera edición.
Col·lecció:Instituto de Investigaciones Jurídicas. Serie C. Estudios históricos, 12.
Matèries:
Etiquetes: Afegir etiqueta
Sense etiquetes, Sigues el primer a etiquetar aquest registre!

MARC

LEADER 00000nam a2200000 a 4500
001 UCR1420
003 CL-VaPUC
005 20220822114335.0
008 971219e19810000MX |||||||||||||||||spa|d
999 |c 264822  |d 264820 
020 |a 968-58-0099-5 
040 |c Pontificia Universidad Católica de Valparaíso 
082 0 4 |a 346.972 GON 1981  |2 21 
100 |a González, María del Refugio  |e autor  |9 398489 
245 1 0 |a Estudios sobre la historia del derecho civil en México durante el siglo XIX. 
250 |a Primera edición.  
260 |a México, D.F, México:  |b Universidad Nacional Autónoma de México,   |c 1981. 
300 |a 130 páginas. 
490 0 |a Instituto de Investigaciones Jurídicas. Serie C. Estudios históricos,  |v 12. 
500 |a c.2 Donación Familia Prof. Alejandro Guzmán Brito.  
583 |a last modification  |c 19971219 00:00:00  |k Rodrigo Vera 
650 0 |a Derecho mexicano  |2 CL-VaPUC  |9 386946 
650 0 |a Derecho civil  |9 255013 
650 0 |a Código civil  |9 256135 
650 0 |a Derecho comparado  |9 255664 
650 0 |a Derecho español  |9 255291 
650 0 |a Historia del derecho  |z México  |9 255109 
942 |c BK  |2 ddc  |n 0 
945 |d 19971219 00:00:00  |a cmena 
952 |0 0  |1 0  |2 ddc  |4 0  |6 346_972000000000000_GON_1981  |7 0  |8 DER_HDC  |9 295331  |a BIBDER  |b BIBDER  |d 2019-11-19  |i 1922696  |o 346.972 GON 1981  |p 1922696  |r 2023-01-25  |t 1  |w 2019-11-19  |x Ubicación 4to Piso  |y BK  |z Estos recursos deben solicitarse con anticipación  |k DER